000
00264nam a2200109Ia 4500
008
200302s9999 xx 000 0 und d
100
_a
Aisha Hasanoyic
245
_a
2000 Architects K-Z
260
_b
Images Publishing Group Ltd.
260
_c
2006
300
_a
663 P.,
999
_c
2827
_d
2827